000 00341nam a22001337a 4500
008 181018b xxu||||| |||| 00| 0 eng d
020 _a9780816066025
041 _aeng
080 _a573
100 _a11
101 _aBIO
245 _aThe New Biology Gene THerapy Treating Disease By Repairing Genes
_cPanno.J
942 _2udc
_cBK
999 _c50103
_d50103